01355nam a2200337 a 4500001001000000003000900010005001700019007000300036008003600039020001800075040003100093082002700124100003400151245011400185260010100299300002900400336002700429337003300456338002800489500006300517504007400580590002600654650003400680650004900714650002700763700003600790910004100826942001200867952012100879999001701000000026332DO-SdBPM20260217130818.0ta110314s2010 dr 000 0 spa d a9789945876406 aDO-SdBPMbspacBPMSU drda 4a252.625bI73c 20102221 aIsaac, Telésforo A.,d1929-10aComentarios de Domingos en Cuaresma y Semana Santa /cTelésforo A. Isaac ; prólogo Ashton Jacinto Brooks. aSanto Domingo :bComisión de Educación Teológica para América Latina y el caribe,c2010. a212 páginas ;c23 cm. atextobtxt2rdacontent asin mediaciónbn2rdamedia avolumenbnc2rdacarrier aIncluye datos biografícos del autor en la contraportada. aIncluye referencias bibliográficas y notas al pie de las páginas. aInventariado, 2026/VM 7aCuaresma.xRitos y ceremomias 7aLibros de meditación xIglesia Católica  7aRitos de semana santa 1 aBroks, Ashton Jacintoeprologo  aVMateo V. Control de calidad. BPMSU  2ddccBK 00102ddc708CDaBPMETbBPMETd2026-02-17l0oBPMSU CD 252.625 I73c 2010pBPMSU26020107r2026-02-17w2026-02-17yBK c15707d15707